000
00308nam a22001337a 4500
008
180201b xxu||||| |||| 00| 0 eng d
020
_a
9780030975264
041
_a
eng
080
_a
371
100
_a
46
101
_a
EDU
245
_a
Speech for Effective Communication
_c
Verderber, R.F
942
_2
udc
_c
BK
999
_c
41464
_d
41464